<?xml version="1.0" encoding="UTF-8"?>
<record
    xmlns:xsi="http://www.w3.org/2001/XMLSchema-instance"
    xsi:schemaLocation="http://www.loc.gov/MARC21/slim http://www.loc.gov/standards/marcxml/schema/MARC21slim.xsd"
    xmlns="http://www.loc.gov/MARC21/slim">

  <leader>00414nam a22001697a 4500</leader>
  <datafield tag="999" ind1=" " ind2=" ">
    <subfield code="c">6414</subfield>
    <subfield code="d">6412</subfield>
  </datafield>
  <controlfield tag="005">20210904103333.0</controlfield>
  <controlfield tag="008">200522b        xxu||||| |||| 00| 0 eng d</controlfield>
  <datafield tag="041" ind1=" " ind2=" ">
    <subfield code="a">eng</subfield>
  </datafield>
  <datafield tag="082" ind1=" " ind2=" ">
    <subfield code="a">342.54 SET</subfield>
  </datafield>
  <datafield tag="100" ind1=" " ind2=" ">
    <subfield code="a">Seervai H, M</subfield>
    <subfield code="9">6868</subfield>
  </datafield>
  <datafield tag="245" ind1=" " ind2=" ">
    <subfield code="a">Constitutional Law of India : A Critical Commentory I</subfield>
  </datafield>
  <datafield tag="250" ind1=" " ind2=" ">
    <subfield code="a">4'th ed.</subfield>
  </datafield>
  <datafield tag="260" ind1=" " ind2=" ">
    <subfield code="a">Mumbai </subfield>
    <subfield code="b">M J Pocha</subfield>
  </datafield>
  <datafield tag="300" ind1=" " ind2=" ">
    <subfield code="a">A-186</subfield>
  </datafield>
  <datafield tag="650" ind1=" " ind2=" ">
    <subfield code="a">LAW</subfield>
    <subfield code="9">5701</subfield>
  </datafield>
  <datafield tag="942" ind1=" " ind2=" ">
    <subfield code="c">BK</subfield>
  </datafield>
  <datafield tag="952" ind1=" " ind2=" ">
    <subfield code="0">0</subfield>
    <subfield code="1">0</subfield>
    <subfield code="4">0</subfield>
    <subfield code="7">0</subfield>
    <subfield code="8">REF</subfield>
    <subfield code="a">JRU</subfield>
    <subfield code="b">JRU</subfield>
    <subfield code="c">SHELF</subfield>
    <subfield code="d">2020-06-03</subfield>
    <subfield code="e">PURCHASE</subfield>
    <subfield code="g">5500.00</subfield>
    <subfield code="l">1</subfield>
    <subfield code="o">342.54 SET</subfield>
    <subfield code="p">24325</subfield>
    <subfield code="r">2022-09-20 00:00:00</subfield>
    <subfield code="s">2022-08-23</subfield>
    <subfield code="w">2020-06-03</subfield>
    <subfield code="y">BK</subfield>
  </datafield>
</record>
